Teatre en viu (1977-1982) / Xavier Fàbregas ; a cura de Maryse Badiou ; introducció de Joan Castells ; [fotografies de Pau Barceló]
Descripción Física:
384 p., [16] p. de làm. ; 22 cm
Colección:
Monografies de teatre ; 34
MARC
| LEADER | 00000nam a2200000Ia 4500 | ||
|---|---|---|---|
| 001 | 10949 | ||
| 008 | 160829s1995 xx 000 0 cat d | ||
| 080 | |a B-1-192 | ||
| 100 | 1 | |a Fàbregas, Xavier, |d 1931-1985 |9 50443 | |
| 245 | |a Teatre en viu (1977-1982) / Xavier Fàbregas ; a cura de Maryse Badiou ; introducció de Joan Castells ; [fotografies de Pau Barceló] | ||
| 260 | |a Barcelona : |b Institut del Teatre de la Diputació de Barcelona, |c 1995 | ||
| 300 | |a 384 p., [16] p. de làm. ; |c 22 cm | ||
| 490 | |a Monografies de teatre ; 34 | ||
| 650 | |a Teatre |x Catalunya |x 1977/1982 |x Ressenyes |9 26692 | ||
| 700 | |a Badiou, Maryse |e editor literari |9 22339 | ||
| 700 | |a Castells, Joan, pr. |9 26694 |e autor del pròleg | ||
| 700 | 1 | |a Barceló, Pau, |d 1910-1997 |e fotografies |9 26522 | |
| 710 | 1 | |a Institut del Teatre (Barcelona, Catalunya) |9 52662 | |
| 901 | |a Arxiu | ||
| 942 | |n 1 |2 udc | ||
| 952 | |0 0 |1 0 |4 0 |6 B1192 |7 1 |9 44106 |a Arxiu |b Arxiu |d 2016-12-01 |l 0 |o B-1-192 |p 10949 |r 2016-12-01 00:00:00 |w 2016-12-01 |y ARXIU | ||
| 999 | |c 46686 |d 46686 | ||